Central Library OPAC University of Rajshahi

The effect of sulfuric acid, persulfate and acetic anhydride on the preparation of chlorine dioxide from chlorite solution / (Record no. 81976)

MARC details
000 -LEADER
fixed length control field 01204nam a2200277 a 4500
001 - CONTROL NUMBER
RUCL Control Number 81976
003 - CONTROL NUMBER IDENTIFIER
rucl marc code BD-RjUL
005 - DATE AND TIME OF LATEST TRANSACTION
control field 20230924135451.0
008 - FIXED-LENGTH DATA ELEMENTS--GENERAL INFORMATION
fixed length control field 230924s2013 bg a|||| m||| 00| 0 eng d
035 ## - SYSTEM CONTROL NUMBER
system control number (BD-RjUL)81976
040 ## - CATALOGING SOURCE
Original cataloging agency BD-RjUL
Language of cataloging eng
Transcribing agency BD-RjUL
Modifying agency BD-RjUL
041 ## - LANGUAGE CODE
Language code of Book eng
082 ## - DEWEY DECIMAL CLASSIFICATION NUMBER
DDC Edition number 23
Classification number 661.42
Author mark and Year ROE 2013
100 ## - MAIN ENTRY--PERSONAL NAME
Personal name ROUF, MD. ABDUR
9 (RLIN) 9154
245 10 - TITLE STATEMENT
Title The effect of sulfuric acid, persulfate and acetic anhydride on the preparation of chlorine dioxide from chlorite solution /
Statement of responsibility, etc MD. ABDUR ROUF
Name of Supervisor/Co-Supervisor Supervisors : C. M. Mustafa, Md. Azhar Ali, Md. Golam Mostafa & Md. Asadul Hoque
260 ## - PUBLICATION, DISTRIBUTION, ETC. (IMPRINT)
Place of publication, distribution, etc Rajshahi :
Name of publisher, distributor, etc Department of Materials Science and Engineering, University of Rajshahi
Date of publication, distribution, etc 2013
300 ## - PHYSICAL DESCRIPTION
Pagination [3], ix, [1], 175 leaves :
Other physical details ill.;
Dimensions 29 cm.
502 ## - DISSERTATION NOTE
Dissertation note Thesis(Ph.D.)-- Department of Materials Science and Engineering, University of Rajshahi 2013
504 ## - BIBLIOGRAPHY, ETC. NOTE
Bibliography, etc References : Leaves 123-138
650 ## - SUBJECT ADDED ENTRY--TOPICAL TERM
Topical term or geographic name as entry element Salts
General subdivision chlorine dioxide & chlorite
9 (RLIN) 9155
700 ## - ADDED ENTRY--SUPERVISOR/CO-SUPERVISOR NAME
Personal name Mustafa, C. M. Supervisors
9 (RLIN) 9156
Personal name Ali, Md. Azhar, Supervisors
9 (RLIN) 9157
Personal name Mostafa, Md. Golam, Supervisors
9 (RLIN) 9158
Personal name Hoque, Md. Asadul, Supervisors
9 (RLIN) 9159
942 ## - ADDED ENTRY ELEMENTS (KOHA)
Source of classification or shelving scheme Dewey Decimal Classification
Koha item type Theses
Holdings
Source of classification or shelving scheme Damaged status Not for loan Collection code Permanent Location Current Location Shelving location Date of accession Source of acquisition Total Checkouts Full call number Barcode Date last seen Copy number Thesis
Dewey Decimal Classification   Not For Loan Theses Central Library, University of Rajshahi Central Library, University of Rajshahi Documentation Section 18/12/2014 Controller of Exam. R.U.   THE 661.42 ROE 2013 D3728 24/09/2023 C-1 Theses